O Zé e a Marta na praia (Registo nº 2219)

Detalhes MARC
000 -Etiqueta do registo
Cabeçalho 00704nam a22002531 4500
005 - Identificador da versão
Campo de controlo 20240827114958.0
010 ## - Número internacional normalizado dos livros (ISBN)
Número (ISBN) 9726490448
021 ## - Número do Depósito Legal
Código do país PT
Número 28327/89
100 ## - Dados gerais de processamento
Dados gerais de processamento 19941114d1989 cd y0pory5003 ba
101 0# - Língua de publicação
Língua do texto, banda sonora, etc. Português
102 ## - Pais de publicação ou produção
País de publicação Portugal
105 ## - Campo de dados codificados: livros
Dados codificados dos livros a z 000zy
106 ## - Campo de dados codificados: material textual
Dados codificados do material textual r
200 1# - Titulo e menção de responsabilidade
Título próprio O Zé e a Marta na praia
Primeira menção de responsabilidade texto de Isabel Barbosa
Outras menções de responsabilidade il. Rui Truta
210 ## - Publicação, Distribuição, etc. 
Lugar da edição, distribuição, etc. Porto
Nome do editor, distribuidor, etc. Desabrochar
Data da publicação, distribuição, etc. imp. 1989
215 ## - Descrição física 
Indicação específica da natureza do documento e extensão da espécie 21, [2] p.
Outras indicações físicas muito il.
Dimensões 24 cm
225 2# - Colecção 
Título próprio da colecção O Zé e a Marta
606 ## - Nome comum usado como assunto
Número de registo de entrada de autoridade 0000029
Palavra de ordem Literatura portuguesa infantil
Subdivisão de assunto Conto
675 ## - Classificação Decimal Universal (CDU)
Notação 821.134.3-34
Edição
Língua da edição por
700 #1 - Nome de autor-pessoa física (responsabilidade principal)
Número de registo de entrada de autoridade 0001033
Palavra de ordem Barbosa
Outra parte do nome não tomada para palavra de ordem Isabel
702 #1 - Nome de autor-pessoa física (responsabilidade secundária)
Número de registo de entrada de autoridade 0000032
Palavra de ordem Truta
Outra parte do nome não tomada para palavra de ordem Rui
Datas 1961-
Código de função Ilustrador / Técnico de desenho computorizado
942 ## - Elementos de entrada adicionados (Koha)
Tipo de item no Koha Livro
Exemplares
Situação do levantamento Origin of item (home branch) (coded) Biblioteca de empréstimo Código de barras Cota Circulation type (not for loan) Tipo de documento Nota do exemplar Damaged status
  Biblioteca Escolar da Coca Maravilhas Biblioteca Escolar da Coca Maravilhas BECM2576/94 8POR BAR   Livro Sem mensagem